Fiqh keutamaan : (keutamaan tugas-tugas kaum Muslimin)

Bibliographic Details
Main Author: Qaradhawi, Yusof Prof. Dr. , 1926-
Other Authors: Ahmad Nuryadi Asmawi
Format: Book
Published: Selangor : Pustaka Al Ehsan , 2020
Subjects:

MARC

LEADER 00000cam a2200000 7i4500
001 0000085736
005 20201109.0
008 201025
020 |a 9789833204410 
041 0 |a Malay 
090 0 0 |a 297.2   |b QAR 
100 0 |a Qaradhawi, Yusof   |c Prof.   |c Dr. ,   |d 1926- 
245 1 0 |a Fiqh keutamaan :   |b (keutamaan tugas-tugas kaum Muslimin)   |c Prof. Dr. Yusuf Abdullah al-Qardhawi ; penterjemah ; Ahmad Nuryadi Asmawi 
260 |a Selangor :   |b Pustaka Al Ehsan ,   |c 2020 
300 |a 335 p. ;   |c 47 cm. 
541 0 0 |c Purchased on 2020   |f 2020/71 ANL   |h RM25.00 
650 0 |a Islam   |x Customs and practices 
650 0 |a Islam   |x Doctrines 
700 0 |a Ahmad Nuryadi Asmawi 
999 |a 0001635613   |b Book   |c Adult Collection   |e Cawangan Taman Sri Lambak 
999 |a 0001635614   |b Book   |c Adult Collection   |e Cawangan Segamat 
999 |a 0001635615   |b Book   |c Adult Collection   |e Cawangan Bandar Penawar 
999 |a 0001635616   |b Book   |c Adult Collection   |e Cawangan Muar 
999 |a 0001635617   |b Book   |c Adult Collection   |e Cawangan Kota Tinggi 
999 |a 0001635618   |b Book   |c Adult Collection   |e Cawangan Mersing 
999 |a 0001635619   |b Book   |c Adult Collection   |e Cawangan Tangkak 
999 |a 0001635620   |b Book   |c Adult Collection   |e Cawangan Tmn. Ungku Tun Aminah 
999 |a 0001635621   |b Book   |c Adult Collection   |e Cawangan Batu Pahat 
999 |a 0001635622   |b Book   |c Adult Collection   |e Cawangan Pontian 
999 |a 0001635624   |b Book   |c Adult Collection   |e Cawangan Bandar Tenggara 
999 |a 0001635625   |b Book   |c Adult Collection   |e Cawangan Bukit Gambir 
999 |a 0001636001   |b Book   |c Adult Collection   |e Perbadanan Perpustakaan Awam Johor 
999 |a 0001636002   |b Book   |c Adult Collection   |e Perbadanan Perpustakaan Awam Johor 
999 |a 0001636003   |b Book   |c Adult Collection   |e Cawangan Urban Transformation Centre 
999 |a 0001636004   |b Book   |c Adult Collection   |e Cawangan AEON Kulaijaya